02178nam a2200397 a 450000500170000000800410001702000180005804100080007609200170008410000280010124500680012925001560019726000340035330000640038750001300045165300310058165300310061265300280064365300220067165300500069365300530074365300300079665300290082665300820085565300170093765300650095465300220101965300280104165300660106970000340113594200150116999900150118495202390119995201720143895201700161020240807102405.0100309e2017||||sp al. f |||| 001 0 spa d a9788491130321 aspa c616l30sGOL1 aGoldman, LeeeEd.91800 aGoldman-Cecil. Tratado de Medicina Interna.bT.2 /cLee Goldman a25a ed. versión en español de la 25 ed. de la obra original en inglésbRevisión científica y técnica José María Ladero Quesada [et. al] aBarcelona: bElsevier;c2017. a1383-2722 p.eAcceso rápido a videos mediante código QR aGoldman, L. y Schafer, A. I. (Eds.). (2017). Goldman-Cecil. Tratado de medicina interna. T.2 (25a ed.). Barcelona : Elsevier. aEnfermedades metabólicas aEnfermedades nutricionales aEnfermedades endocrinas aSalud en la mujer aEnfermedades del metabolismo óseo y mineral aEnfermedades de la alergia e inmulogia clínica aEnfermedades reumáticas aEnfermedades infecciosas aVirus de Inmunodeficiencia Humana y Síndrome de Inmunodeficiencia Adquirida aNeurología aEnfermedades de los ojos, los oídos, la nariz y la faringe aConsulta médica aEnfermedades de la piel aApéndice: intervalos de referencia y valores de laboratorio1 aSchafer, Andrew I.eEd.92510 2ddccBK01 c3143d3143 00102ddc4070aBFMbBFMcCRd2022-10-04eDonación Vela, Nicolás. 30 de Septiembre de 2022.l2o616 30 GOLp4794r2025-05-26s2025-05-14tEj. 7w2022-10-04yBKzDonación Vela, Nicolás. 30 de Septiembre de 2022. Sede Tordos.f 00102ddc4070aBFMbBFMcCRd2025-10-01eDonación octubre 2025.l0o616 30 GOLp5120r2025-10-02tEj. 9w2025-10-02yBKzDonación Gardere Camila, octubre 2025.f 00102ddc4070aBFMbBFMcCRd2025-10-27eDonación octubre 2025.l0o616 30 GOLp5122r2025-10-28tEj.10w2025-10-28yBKzDonación Soto Gonzalo, octubre 2025.f